Southville International School and Colleges
Your cart is empty.
  • Cart
  • Lists
    Public lists Eva Luna New books Lux_list list_1
    Your lists Log in to create your own lists
  • Log in to your account
  • Your cookies
  • Search history
Southville International School and Colleges
  • Advanced search
  • Recent comments
  • Most popular
  • Libraries

Log in to your account

Log in with GOOGLE


If you do not have an external account, but do have a local account, you can still log in:

  1. Home
  2. MARC view: Frindle /
Normal view MARC view ISBD view

Frindle / (Record no. 110656)

[ view plain ]
MARC details
000 -LEADER
fixed length control field 00771nam a2200205 a 4500
001 - CONTROL NUMBER
control field 4074
005 - DATE AND TIME OF LATEST TRANSACTION
control field 20140414131901.0
008 - FIXED-LENGTH DATA ELEMENTS--GENERAL INFORMATION
fixed length control field 081222s19uu xx 00 eng d
020 ## - INTERNATIONAL STANDARD BOOK NUMBER
International Standard Book Number 0-439-60727-2
050 ## - LIBRARY OF CONGRESS CALL NUMBER
Classification number FIC
Item number C59 2003
100 ## - MAIN ENTRY--PERSONAL NAME
Personal name Clements, Andrew, 1949-
245 ## - TITLE STATEMENT
Title Frindle /
Statement of responsibility, etc Andrew Clements ; pictures by Brian Selznick.
250 ## - EDITION STATEMENT
Edition statement 1st ed.
260 ## - PUBLICATION, DISTRIBUTION, ETC. (IMPRINT)
Place of publication, distribution, etc New York, N.Y. :
Name of publisher, distributor, etc Scholastic,
Date of publication, distribution, etc 2003.
300 ## - PHYSICAL DESCRIPTION
Extent 105 p. : ill. ; 22 cm.
520 ## - SUMMARY, ETC.
Summary, etc When he decides to turn his fifth grade teacher�s love of the dictionary around on her, clever Nick Allen invents a new word and begins a chain of events that quickly moves beyond his control
650 ## - SUBJECT ADDED ENTRY--TOPICAL TERM
Topical term or geographic name as entry element Teacher-student relationships
General subdivision Fiction.
700 ## - ADDED ENTRY--PERSONAL NAME
Personal name Selznick, Brian, ill.
Holdings
Withdrawn status Lost status Damaged status Use restrictions Home library Current library Shelving location Date acquired Source of acquisition Cost, normal purchase price Total Checkouts Full call number Barcode Date last seen Price effective from Koha item type
        Munich Library Munich Library Fiction Section 12/22/2008   195.00   FIC C59 2003 M1118 04/14/2014 04/14/2014 Books

Frindle /

APA

Clements A. 1., Selznick B. i., . (2003). Frindle. New York, N.Y: Scholastic.

Chicago

Clements Andrew 1949, Selznick Brian ill, . 2003. Frindle. New York, N.Y: Scholastic.

Harvard

Clements A. 1., Selznick B. i., . (2003). Frindle. New York, N.Y: Scholastic.

MLA

Clements Andrew 1949, Selznick Brian ill, . Frindle. New York, N.Y: Scholastic. 2003.

  • Place hold
  • Print
  • Cite
  • Add to your cart (remove)
  • Save record
    BIBTEX Dublin Core MARCXML MARC (non-Unicode/MARC-8) MARC (Unicode/UTF-8) MARC (Unicode/UTF-8, Standard) MODS (XML) RIS
  • More searches
    Search for this title in:
    Other Libraries (WorldCat) Other Databases (Google Scholar) Online Stores (Bookfinder.com) Open Library (openlibrary.org)

Exporting to Dublin Core...

SOUTHVILLE LIBRARY

Southville International School and Colleges Library

1281 Tropical Ave. Cor. Luxembourg St., BF Homes International, Las Pinas City

Tel. No. 8256374 / 252358 Loc. 117/146

Powered by Koha